000 00439nam a2200181Ia 4500
005 20240828034455.0
008 240331s9999 xx 000 0 und d
082 _bBenedict, Ruth
_a800
100 _aBenedict, R
245 0 _aPatterns of culture
260 _aNew York
_bThe New America Library
_c1934
300 _a272 p .,
650 _aCulture
650 _aSociology
650 _aPsychology
650 _aPhilosophy
942 _cL
999 _c2113
_d2113